Catalog

Record Details

Catalog Search



Zatanna : the jewel of Gravesend / written by Alys ... Read More

Arden, Alys,(writer.).
De Leon, Jacquelin,(artist.). Lotfi, Sam,(artist.). ... Read More

Available copies

  • 2 of 2 copies available at LARL/NWRL Consortium.

Current holds

0 current holds with 2 total copies.

Show Only Available Copies
Location Call Number / Copy Notes Barcode Shelving Location Status Due Date
Crookston Public Library Y G ARD (Text) 33500013637996 Main Available -
Moorhead Public Library Y G ARD (Text) 33500013638002 Main Available -

Record details

  • ISBN: 9781401296384
  • ISBN: 1401296386
  • Physical Description: 200 pages : chiefly color illustrations ; 23 cm
  • Publisher: Burbank, CA : DC Comics, [2022]

Content descriptions

Summary, etc.:
Zatanna lives happily in Coney Island until a ... Read More
Target Audience Note:
Ages 13-17 DC Comics.
Grades 10-12 DC Comics.
Subject: Teenage girls > Comic books, strips, etc. > Juvenile fiction.
Magic > Comic books, strips, etc. > Juvenile fiction.
Magicians > Comic books, strips, etc. > Juvenile fiction.
Family secrets > Comic books, strips, etc. > Juvenile fiction.
Coney Island (New York, N.Y.) > Comic books, strips, etc. > Juvenile fiction.
Teenage girls > Fiction.
Magic > Fiction.
Magicians > Fiction.
Family secrets > Fiction.
Coney Island (New York, N.Y.) > Fiction.
Graphic novels.
Family secrets.
Magic.
Magicians.
Teenage girls.
New York (State) > New York > Coney Island.
Genre: superhero comics.
Fantasy comics.
Graphic novels.
Superhero comics.
Fantasy comics.
Superhero comics.
Graphic novels.
LDR 03152cam a22007218i 4500
001393198
003LARL_NWRL_CONSORTIUM
00520220803150906.0
008220422s2022 caua d 6 000 1 eng
010 . ‡a 2022017729
040 . ‡aDLC ‡beng ‡erda ‡cDLC ‡dTP7 ‡dOCLCO ‡dOCLCF ‡dOI6 ‡dJAS
020 . ‡a9781401296384 ‡q(trade paperback)
020 . ‡a1401296386 ‡q(trade paperback)
035 . ‡a(OCoLC)1312653385
042 . ‡apcc
08200. ‡a741.5/973 ‡223/eng/20220422
1001 . ‡aArden, Alys, ‡ewriter.
24510. ‡aZatanna : ‡bthe jewel of Gravesend / ‡cwritten by Alys Arden ; art by Jacquelin de Leon with Sam Lotfi ; lettered by Wes Abbott.
264 1. ‡aBurbank, CA : ‡bDC Comics, ‡c[2022]
264 4. ‡c©2022
300 . ‡a200 pages : ‡bchiefly color illustrations ; ‡c23 cm
336 . ‡atext ‡btxt ‡2rdacontent
336 . ‡astill image ‡bsti ‡2rdacontent
337 . ‡aunmediated ‡bn ‡2rdamedia
338 . ‡avolume ‡bnc ‡2rdacarrier
5211 . ‡aAges 13-17 ‡bDC Comics.
5212 . ‡aGrades 10-12 ‡bDC Comics.
520 . ‡aZatanna lives happily in Coney Island until a mystic's quest for a powerful jewel unravels everything she thought she knew about herself, her family's legacy, and her beloved neighborhood.
650 0. ‡aTeenage girls ‡vComic books, strips, etc. ‡vJuvenile fiction.
650 0. ‡aMagic ‡vComic books, strips, etc. ‡vJuvenile fiction.
650 0. ‡aMagicians ‡vComic books, strips, etc. ‡vJuvenile fiction.
650 0. ‡aFamily secrets ‡vComic books, strips, etc. ‡vJuvenile fiction.
651 0. ‡aConey Island (New York, N.Y.) ‡vComic books, strips, etc. ‡vJuvenile fiction.
650 1. ‡aTeenage girls ‡vFiction. ‡0(LARL_NWRL_CONSORTIUM)167625
650 1. ‡aMagic ‡vFiction. ‡0(LARL_NWRL_CONSORTIUM)165984
650 1. ‡aMagicians ‡vFiction. ‡0(LARL_NWRL_CONSORTIUM)165983
650 1. ‡aFamily secrets ‡vFiction. ‡0(LARL_NWRL_CONSORTIUM)164948
651 1. ‡aConey Island (New York, N.Y.) ‡vFiction.
650 1. ‡aGraphic novels. ‡0(LARL_NWRL_CONSORTIUM)40036
650 7. ‡aFamily secrets. ‡2fast ‡0(LARL_NWRL_CONSORTIUM)162327
650 7. ‡aMagic. ‡2fast ‡0(LARL_NWRL_CONSORTIUM)24943
650 7. ‡aMagicians. ‡2fast ‡0(LARL_NWRL_CONSORTIUM)24951
650 7. ‡aTeenage girls. ‡2fast ‡0(LARL_NWRL_CONSORTIUM)12799
651 7. ‡aNew York (State) ‡zNew York ‡zConey Island. ‡2fast
655 7. ‡asuperhero comics. ‡2aat
655 7. ‡aFantasy comics. ‡2fast
655 7. ‡aGraphic novels. ‡2fast
655 7. ‡aSuperhero comics. ‡2fast
655 7. ‡aFantasy comics. ‡2lcgft
655 7. ‡aSuperhero comics. ‡2lcgft
655 7. ‡aGraphic novels. ‡2lcgft
7001 . ‡aDe Leon, Jacquelin, ‡eartist.
7001 . ‡aLotfi, Sam, ‡eartist.
7001 . ‡aAbbott, Wes, ‡eletterer.
901 . ‡a393198 ‡bOCoLC ‡c393198 ‡tbiblio ‡soclc

Additional Resources